|
|
|
|
| LEADER |
01483nam a2200289 a 4500 |
| 001 |
13196385 |
| 008 |
110302s2003 mauab b 001 0 eng d |
| 010 |
|
|
|a 2001133307
|
| 020 |
|
|
|a 0618113339
|
| 040 |
|
|
|a DLC
|c DLC
|d BD-DhAAL
|
| 050 |
0 |
0 |
|a HD62.4
|b .M395 2003
|
| 082 |
0 |
4 |
|a 658/.049
|2 21
|
| 100 |
1 |
|
|a McFarlin, Dean B.
|
| 245 |
1 |
0 |
|a International management :
|b strategic opportunities and cultural challenges /
|c Dean B. McFarlin, Paul D. Sweeney.
|
| 250 |
|
|
|a 2nd ed.
|
| 260 |
|
|
|a Boston :
|b Houghton Mifflin Co.,
|c c2003.
|
| 300 |
|
|
|a xxiv, 571 p. :
|b ill., col. maps ;
|c 26 cm.
|
| 504 |
|
|
|a Includes bibliographical references (p. 533-562) and indexes.
|
| 541 |
1 |
|
|e 00014710
|
| 650 |
|
0 |
|a International business enterprises
|x Management.
|
| 700 |
1 |
|
|a Sweeney, Paul D.,
|d 1955-
|
| 852 |
|
|
|a Ayesha Abed Library
|c General Shelf.
|
| 999 |
|
|
|c 10507
|d 10507
|
| 952 |
|
|
|0 0
|1 0
|2 ddc
|4 0
|6 658_049000000000000_MCF
|7 0
|9 14511
|a BRACUL
|b BRACUL
|c GEN
|d 2011-03-02
|l 0
|o 658.049 MCF
|p 3010014710
|r 2011-03-02
|t 1
|w 2011-03-02
|y BK
|
| 952 |
|
|
|0 0
|1 0
|2 ddc
|4 0
|6 658_049000000000000_MCF
|7 0
|9 14512
|a BRACUL
|b BRACUL
|c GEN
|d 2011-03-02
|l 0
|o 658.049 MCF
|p 3010014711
|r 2011-03-02
|t 2
|w 2011-03-02
|y BK
|
| 952 |
|
|
|0 0
|1 0
|2 ddc
|4 0
|6 658_049000000000000_MCF
|7 0
|9 14513
|a BRACUL
|b BRACUL
|c GEN
|d 2011-03-02
|l 0
|o 658.049 MCF
|p 3010014713
|r 2011-03-02
|t 3
|w 2011-03-02
|y BK
|
| 952 |
|
|
|0 0
|1 0
|2 ddc
|4 0
|6 658_049000000000000_MCF
|7 0
|9 14593
|a BRACUL
|b BRACUL
|c GEN
|d 2011-03-12
|l 1
|o 658.049 MCF
|p 3010014712
|r 2011-12-22
|s 2011-12-07
|t 4
|w 2011-03-12
|y BK
|